Volver a pensar la educacion : polötica, educacion y sociedad (congreso internacional de didactica) /

Guardado en:
Autor Principal: Alfieri, Fiorenzo
Formato: Libro
Publicado: La CoruÑa ; Madrid : Morata & Paideia, 1999
Edición:2a. ed.
Materias:
Etiquetas: Agregar Etiqueta
Sin Etiquetas, Sea el primero en etiquetar este registro!
LEADER 00700nam a22002055a 4500
001 EHU.bham023521
003 AR-BHAM
005 20110209144832.0
008 130507s1999##################000#0#####d
082 3 7 |a 372 
100 1 |a Alfieri, Fiorenzo 
245 1 0 |a Volver a pensar la educacion :  |b polötica, educacion y sociedad (congreso internacional de didactica) /  |c Fiorenzo Alfieri 
250 |a 2a. ed. 
260 |a La CoruÑa ; Madrid :  |b Morata & Paideia,  |c 1999 
300 |a 406 p. 
653 |a Didactica 
653 |a Pedagogia 
653 |a Educacion 
859 |a AR-BHAM  |b BIB. HUMANIDADES - General  |h 372  |i AL28  |p 317.01  |t Ej.1  |v I  |3 I 
859 |a AR-BHAM  |b BIB. HUMANIDADES - General  |h 372  |i AL28  |p 73.01  |t Ej.1  |v I  |3 I